000 00509nam a22001697a 4500
999 _c8930
_d8930
008 210305b ||||| |||| 00| 0 eng d
040 _aBMS College of Architecture
100 _aDhileepan, Jyothsna
245 _aCentre for cerebral palsy
300 _aNA
500 _a1BM08AT013
502 _8B.Arch
_NBMS College of Architecture, Visvesvaraya Technological University (VTU)
_aProject report
_d2013
650 _aNA
700 _aVaseem A S
_eGuide
700 _aSathish S Rao
_eGuide
942 _2ddc
_cTHE